Central Library OPAC University of Rajshahi
Normal view MARC view

Entry Topical Term

Number of records used in: 1

001 - CONTROL NUMBER

  • control field: 16036

003 - CONTROL NUMBER IDENTIFIER

  • control field: BD-RjUL

005 - DATE AND TIME OF LATEST TRANSACTION

  • control field: 20250715110213.0

008 - FIXED-LENGTH DATA ELEMENTS

  • fixed length control field: 250715|| aca||aabn | a|a d

040 ## - CATALOGING SOURCE

  • Original cataloging agency: BD-RjUL
  • Transcribing agency: BD-RjUL

150 ## - HEADING--TOPICAL TERM

  • Topical term or geographic name entry element: Islamic biography (سوانح عمری - اسلامی شخصیات)

670 ## - SOURCE DATA FOUND

  • Source citation: Work cat.: (BD-RjUL)85204: Mujaddid-e-Azam مجدد اعظم /